| 000 | 00898nam a2200217Ia 4500 | ||
|---|---|---|---|
| 999 |
_c35162 _d35162 |
||
| 001 | 1005 | ||
| 003 | GE_BSU | ||
| 005 | 20220920111725.0 | ||
| 008 | 181216s2000||||rus|||||||||||||| ||ru || | ||
| 020 | _a5691003461(II) | ||
| 040 | _cGE_BSU | ||
| 080 | _a94(4) | ||
| 100 |
_aПономарев, М.В. _914634 |
||
| 245 |
_aНовая и новейшая история стран Европы и Америки : _b2.Европейская индустриальная цивилизация в XIX веке."Закат европы / _cМ.В. Пономарев, С.Ю. Смирнова. |
||
| 264 |
_aМосква : _bВладос, _c2000. |
||
| 300 | _a288 стр. | ||
| 653 | _aНовая и новейшая история стран Европы и Америки. | ||
| 653 | _aისტორია | ||
| 700 |
_aСмирнова, С.Ю. _eავტორი _914636 |
||
| 942 |
_cBK _2udc |
||